000 00277nam a2200133Ia 4500
100 _aJones/T & Jones/ T.G
650 _aChemistry
942 _cBK
654 _aDrawing
245 _aMachine Drawig
260 _bJohn Heywood Ltd.
_c2001
300 _a140
546 _aENGLISH
999 _c35372
_d35372